Objective Indian Economy and Social Development: (Record no. 184128)

MARC details
000 -LEADER
fixed length control field 00667nam a22001817a 4500
005 - DATE AND TIME OF LATEST TRANSACTION
control field 20220113121015.0
010 ## - LCCN (DPL NO)
LC control number ENG-131096
020 ## - INTERNATIONAL STANDARD BOOK NUMBER
International Standard Book Number 978-93-90491-28-5
Terms of availability 273.00
035 ## - SYSTEM CONTROL NUMBER
System control number EN-114628
037 ## - SOURCE OF ACQUISITION
Source of stock number/acquisition DBAD
082 ## - DEWEY DECIMAL CLASSIFICATION NUMBER
Classification number 330.954076
100 ## - MAIN ENTRY--PERSONAL NAME
Personal name Singh, Ramesh
245 ## - TITLE STATEMENT
Title Objective Indian Economy and Social Development:
Remainder of title For Civil Services, RBI Grade B, UGC-NET and other competitive examinations/
Statement of responsibility, etc Ramesh Singh
260 ## - PUBLICATION, DISTRIBUTION, ETC. (IMPRINT)
Place of publication, distribution, etc Chennai
Name of publisher, distributor, etc McGraw Hill Education Private Limited
Date of publication, distribution, etc 2022
270 ## - ADDRESS
City Chennai
Address Anjana Complex No. 5/90 A, Butt Road, St Thomas Mount
Postal code 600016
300 ## - PHYSICAL DESCRIPTION
Extent 416p.
Dimensions 24cm(pbk)
942 ## - ADDED ENTRY ELEMENTS (KOHA)
Source of classification or shelving scheme Dewey Decimal Classification
Item type English Books
Classification part 330.954076
Call number suffix RAM
Holdings
Withdrawn status Lost status Not for loan Collection code Home library Current library Date acquired Source of acquisition Cost, normal purchase price Full call number Barcode Copy number Cost, replacement price Koha item type
      Non-fiction Patel Nagar Patel Nagar 13/01/2022 DBAD/PUB 273.00 330.954076 RAM EN-114628 1 273.00 English Books

© Delhi Public Library
Hit Counter
free hit counter